04925nam a2200661 a 450000100100000000500170001000800410002702000240006802000240009202000240011602000240014002000240016402000240018802000240021202000240023604000250026008200150028510000290030024501350032926000400046430000320050449000260053650503530056250001240091550000390103959000260107870000330110470000340113783000330117195201150120495201150131995201150143495201150154995201150166495201150177995201140189495201140200895201140212295201080223695201090234495201150245395201090256895201150267795201150279295201090290795201140301695201150313095201090324595201090335495201150346395201090357895201150368795201080380295201140391095201080402495201140413299900170424600004699420201002053254.0091117s2014 dr ac 000 0 spa d a9789945119145 (v.1) a9789945190182 (v.2) a9789945119183 (v.3) a9789945190403 (v.4) a9789945190410 (v.5) a9789945190427 (v.7) a9789945190496 (v.8) a9789945190502 (v.9) aDO-SdBNPbspacBNPHU axxxxbxxxx1 aSantos, Altagracia9659410aEntre amigos 5 :beducación inicial /cAltagracia Santos ; dirección editorial Claudia Llibre ; ilustración Ruddy Núñez. aSanto Domingo :bSantillana,c2014. av. :bil., retrs. ;c28 cm.1 aProyecto Todos juntos0 av. 1 :tLibro de texto --gv. 2 . :tLibro de texto (script) --gv. 3 :tGuía didáctica para el profesorado. --gv. 4 :tPrimer trimestre (cursiva ) --gv. 5 :tSegundo trimestre (cursiva) --gv. 6 :tTercer trimestre (cursiva)--gv. 7 :tPrimer trimestre (script) --gv. 8 :tSegundo trimestre (script) --gv. 9 :tTercer trimestre (script) -- aEste libro ha sido realizado de conformidad con el currículum vigente y ha sido sometido a la aprobación del MINERD aEducación inicial /cuatro años aInventariado, 2019/VM1 aLlibre, Claudiaedir.9304621 aNúñez, Ruddy,eil.923171 0aProyecto Todos juntos930856 0010718PDaGRbGRcHDd2019-01-11iLF1l0ov. 4, e. 3p46994-100r2020-06-25w2020-06-25yLFPDZNo se presta 0010718PDaGRbGRcHDd2019-01-11iLF1l0ov. 5, e. 3p46994-130r2020-06-25w2020-06-25yLFPDZNo se presta 0010718PDaGRbGRcHDd2019-01-11iLF1l0ov. 6, e. 3p46994-180r2020-06-25w2020-06-25yLFPDZNo se presta 0010718PDaGRbGRcHDd2019-01-11iLF1l0ov. 7, e. 3p46994-190r2020-06-25w2020-06-25yLFPDZNo se presta 0010718PDaGRbGRcHDd2019-01-11iLF1l0ov. 8, e. 3p46994-240r2020-06-25w2020-06-25yLFPDZNo se presta 0010718PDaGRbGRcHDd2019-01-11iLF1l0ov. 9, e. 3p46994-250r2020-06-25w2020-06-25yLFPDZNo se presta 0010718PDaGRbGRcHDd2018-04-11iLF1l0ov. 1, e. 3p46994-30r2020-06-25w2020-06-25yLFPDZNo se presta 0010718PDaGRbGRcHDd2019-01-11iLF1l0ov. 2, e. 3p46994-60r2020-06-25w2020-06-25yLFPDZNo se presta 0010718PDaGRbGRcHDd2019-01-11iLF1l0ov. 3, e. 3p46994-90r2020-06-25w2020-06-25yLFPDZNo se presta 0010718PDaPDbPDcHDd2018-04-11iLF1l0ov. 1p46994-10r2020-06-25w2020-06-25yLFPDZNo se presta 0010718PDaPDbPDcHDd2019-01-11iLF1l0ov. 4p46994-110r2020-06-25w2020-06-25yLFPDZNo se presta 0010718PDaPDbPDcHDd2019-01-11iLF1l0ov. 4, e. 2p46994-120r2020-06-25w2020-06-25yLFPDZNo se presta 0010718PDaPDbPDcHDd2019-01-11iLF1l0ov. 5p46994-140r2020-06-25w2020-06-25yLFPDZNo se presta 0010718PDaPDbPDcHDd2019-01-11iLF1l0ov. 5, e. 2p46994-150r2020-06-25w2020-06-25yLFPDZNo se presta 0010718PDaPDbPDcHDd2019-01-11iLF1l0ov. 6, e. 2p46994-160r2020-06-25w2020-06-25yLFPDZNo se presta 0010718PDaPDbPDcHDd2019-01-11iLF1l0ov. 6p46994-170r2020-06-25w2020-06-25yLFPDZNo se presta 0010718PDaPDbPDcHDd2018-04-11iLF1l0ov. 1, e. 2p46994-20r2020-06-25w2020-06-25yLFPDZNo se presta 0010718PDaPDbPDcHDd2019-01-11iLF1l0ov. 7, e. 2p46994-200r2020-06-25w2020-06-25yLFPDZNo se presta 0010718PDaPDbPDcHDd2019-01-11iLF1l0ov. 7p46994-210r2020-06-25w2020-06-25yLFPDZNo se presta 0010718PDaPDbPDcHDd2019-01-11iLF1l0ov. 8p46994-220r2020-06-25w2020-06-25yLFPDZNo se presta 0010718PDaPDbPDcHDd2019-01-11iLF1l0ov. 8, e. 2p46994-230r2020-06-25w2020-06-25yLFPDZNo se presta 0010718PDaPDbPDcHDd2019-01-11iLF1l0ov. 9p46994-260r2020-06-25w2020-06-25yLFPDZNo se presta 0010718PDaPDbPDcHDd2019-01-11iLF1l0ov. 9, e. 2p46994-270r2020-06-25w2020-06-25yLFPDZNo se presta 0010718PDaPDbPDcHDd2019-01-11iLF1l0ov. 2p46994-40r2020-06-25w2020-06-25yLFPDZNo se presta 0010718PDaPDbPDcHDd2019-01-11iLF1l0ov. 2, e. 2p46994-50r2020-06-25w2020-06-25yLFPDZNo se presta 0010718PDaPDbPDcHDd2019-01-11iLF1l0ov. 3p46994-70r2020-06-25w2020-06-25yLFPDZNo se presta 0010718PDaPDbPDcHDd2019-01-11iLF1l0ov. 3, e. 2p46994-80r2020-06-25w2020-06-25yLFPDZNo se presta c46482d46482